Nevada Cities A-Z - Statistics

General Stats
  • This quiz has been taken 66 times
    39 since last reset
  • The average score is 8 of 14
Answer Stats
Population Municipality or CDP % Correct
L 641,903 Las Vegas
100%
N 262,527 North Las Vegas
100%
R 264,165 Reno
94%
C 58,639 Carson City
88%
H 317,610 Henderson
88%
M 20,471 Mesquite
67%
B 14,885 Boulder City
64%
F 22,895 Fernley
52%
P 191,238 Paradise
52%
E 221,831 Enterprise
42%
D 15,153 Dayton
15%
G 11,318 Gardnerville Ranchos
15%
S 215,597 Spring Valley
15%
W 49,061 Whitney
9%
No matching quizzes found
Score Distribution
Percent of People with Each Score
Percentile by Number Answered
Your Score History
You have not taken this quiz since the last reset